| 000 | 00481cam a2200193 4500 | ||
|---|---|---|---|
| 020 | _a0125244509 | ||
| 040 | _cDLC | ||
| 082 | 0 | 0 | _a551 ACA 1972 A063 Or. |
| 245 | 1 | 0 |
_aRiver ecology and man; _bProceedings. |
| 260 |
_aNew York, _bAcademic Press, _c1972. |
||
| 300 |
_axvii, 465 p. _billus. _c24 cm. |
||
| 650 | 0 | _aRivers | |
| 650 | 0 | _aWater | |
| 650 | 0 | _aEcology | |
| 700 | 1 | _aOglesby, Ray T., | |
| 700 | 1 | _aCarlson, Clarence A., | |
| 700 | 1 | _aMcCann, James A., | |
| 942 | _cEK | ||
| 999 |
_c15407 _d15407 |
||